01273nab a22002297a 4500999001500000003000400015005001700019008004100036040000700077100003700084245013200121300001500253500003600268505030400304505016100608650002800769650002000797650002300817650003500840773015500875942001301030 c6056d6056OSt20260120234655.0190514b xxu||||| |||| 00| 0 spa d cPJ 96673aAuberge, Julieta Michelle 13aLa importancia de los vínculos y la escucha de los y las adolescentes en los procesos adoptivos /cJulieta Michelle Auberge.  ap. 145-153 aCita: TR LALEY AR/DOC/254/2024. aSumario: I. Palabras introductorias.— II. Antecedentes del caso.— III. La importancia de los vínculos para la construcción de identidades.— IV. El efecto pleno en la adopción por integración.— V. La voz de A. en el proceso y la importancia de su consentimiento.— VI. Conclusión.  tFallo comentado: JCiv. y Com., Conciliación y Familia, Huinca Renancó ~ 05/06/2023 ~ G. C. H., A. s/ adopción simple — adopción por integración. 09967aDERECHO DE FAMILIA 09974aADOPCIÓN 095662aADOLESCENTES 091057aJURISPRUDENCIA APLICABLE0 0284493222dBuenos Aires : AbeledoPerrot, 1989-tDerecho de familia. Revista Interdisciplinaria de doctrina y jurisprudencia. Abril 2024-II.z18511201 2udccANA